00603nam a2200169Ia 4500003000900000008004100009040001600050080001500066100002100081245010900102260005200211300001600263650003800279942000700317999001700324952009200341IN-BaIIA211028s9999 xx 000 0 eng d cIIA Library a520.1bKAY aKaye, J R919692 4aThe astronomical observatories of Jai SinghcJ R Kaye  aNew DelhibArchaeological Survey of Indiac1982 aviii, 151p. aAstronomical Observatories919693 cBK c11435d11435 00104070aBANbBANcGENd1995-09-28l0o520.1/ KAYp12350r2021-11-05w1995-09-28yBK